| 000 | 00564nam a22001697a 4500 | ||
|---|---|---|---|
| 003 | OSt | ||
| 005 | 20241017093854.0 | ||
| 008 | 241017b |||||||| |||| 00| 0 eng d | ||
| 040 | _cChuka University Library | ||
| 050 |
_aTA 402.5 _b.D44U84 1985 |
||
| 100 |
_aUNCHS Habitat _917675 |
||
| 245 | _aThe use of selected indigenous building materials with potential for wide application in developing countries | ||
| 260 |
_aNairobi, Kenya _bUNCHS Habitat _c1985 |
||
| 300 | _a70p. | ||
| 650 |
_a1. Building materials---developing countries _917676 |
||
| 942 |
_2lcc _cBK _n0 |
||
| 999 |
_c18291 _d18291 |
||